000 00286nam a22001337a 4500
008 170612b xxu||||| |||| 00| 0 eng d
020 _a9780932765864
041 _aeng
080 _a32
100 _a19
101 _aSHP
245 _aTHE BILL OF RIGHTS
_cMONK, L.R
942 _2udc
_cBK
999 _c16861
_d16861